[Event "Reykjavik Open 2016"]
[Site "Reykjavik ISL"]
[Date "2016.03.11"]
[Round "5.52"]
[White "Johannesson, Oliver"]
[Black "Kempen, Leon"]
[Result "1-0"]
[WhiteTitle "FM"]
[BlackTitle "CM"]
[WhiteElo "2177"]
[BlackElo "1977"]
[WhiteFideId "2305623"]
[BlackFideId "3203786"]
[EventDate "2016.03.08"]

1. d4 e6 2. Nf3 c5 3. e4 cxd4 4. Nxd4 Nf6 5. Nc3 Nc6 6. Nxc6 bxc6 7. e5 Nd5 8.
Ne4 f5 9. exf6 Nxf6 10. Nd6+ Bxd6 11. Qxd6 Qe7 12. Bf4 Qxd6 13. Bxd6 a5 14. Bd3
Kf7 15. O-O-O Ne8 16. Ba3 d5 17. Rhe1 Nf6 18. f3 Re8 19. g4 g6 20. h4 Nd7 21. h5
Nf6 22. Bd6 Ba6 23. hxg6+ hxg6 24. Rh1 Bxd3 25. cxd3 Rg8 26. Be5 Ne8 27. Rh7+
Ng7 28. f4 Ra7 29. Kd2 a4 30. Rc1 Ra6 31. b4 axb3 32. axb3 Kf8 33. b4 Ne8 34.
Ke3 g5 35. fxg5 Rxg5 36. Rf1+ 1-0

[Event "Reykjavik Open 2016"]
[Site "Reykjavik ISL"]
[Date "2016.03.11"]
[Round "5.53"]
[White "Korning, Peter"]
[Black "Adocchio, Giampiero"]
[Result "0-1"]
[WhiteElo "1987"]
[BlackElo "2174"]
[WhiteFideId "1723332"]
[BlackFideId "4666011"]
[EventDate "2016.03.08"]

1. e4 Nc6 2. Nf3 f5 3. exf5 d5 4. Bb5 Bxf5 5. d4 e6 6. Ne5 Ne7 7. O-O a6 8. Nxc6
Nxc6 9. Bxc6+ bxc6 10. Bf4 Be7 11. c3 O-O 12. Bg3 Rb8 13. b4 a5 14. a3 Bg5 15.
Nd2 h5 16. Nb3 h4 17. Be5 axb4 18. axb4 h3 19. g4 Be4 20. f3 Be3+ 21. Kh1 Rxf3
22. Qxf3 Qg5 23. Qxe4 dxe4 24. Nc5 Qxg4 25. Ra2 Rf8 0-1

[Event "Reykjavik Open 2016"]
[Site "Reykjavik ISL"]
[Date "2016.03.11"]
[Round "5.54"]
[White "Ingvason, Johann"]
[Black "Hansen, Lars-Henrik Bech"]
[Result "1/2-1/2"]
[WhiteElo "2171"]
[BlackElo "1970"]
[WhiteFideId "2301431"]
[BlackFideId "1402021"]
[EventDate "2016.03.08"]

1. e4 d6 2. d4 Nf6 3. Nc3 g6 4. Be3 c6 5. Qd2 b5 6. a3 Nbd7 7. Be2 Bb7 8. g4 a5
9. Bf3 Nb6 10. g5 Nc4 11. Qe2 Nxe3 12. gxf6 Nc4 13. b3 Nxa3 14. e5 dxe5 15. Rxa3
b4 16. Ra4 bxc3 17. Qxe5 Qd6 18. Rxa5 Rxa5 19. Qxa5 Qxd4 20. Qc7 Qd2+ 21. Kf1
Ba6+ 22. Ne2 Bxe2+ 23. Bxe2 exf6 24. Qxc6+ Kd8 25. Qxf6+ Kc7 26. Qxh8 Qc1+ 27.
Kg2 Qg5+ 28. Kh3 Qh6+ 29. Kg2 Qg5+ 30. Kh3 Qh6+ 31. Kg2 1/2-1/2

[Event "Reykjavik Open 2016"]
[Site "Reykjavik ISL"]
[Date "2016.03.11"]
[Round "5.55"]
[White "Weyer, Hans-Juergen"]
[Black "Bopp, Thomas"]
[Result "0-1"]
[WhiteElo "1967"]
[BlackElo "2166"]
[WhiteFideId "4651758"]
[BlackFideId "4656113"]
[EventDate "2016.03.08"]

1. e4 c5 2. Nf3 e6 3. d4 cxd4 4. Nxd4 Nc6 5. Nc3 Qc7 6. g3 a6 7. Bg2 Nf6 8. O-O
h5 9. h3 Bc5 10. Nb3 Ba7 11. Bf4 Ne5 12. Nd4 b5 13. Nf3 d6 14. Qe2 Bb7 15. Bxe5
dxe5 16. a3 O-O 17. Rad1 Rfd8 18. Rfe1 Bb6 19. Rxd8+ Rxd8 20. Nd2 Ba5 21. Ndb1
Rd4 22. Rd1 Qd7 23. Rd3 g6 24. Qe3 Kg7 25. Ne2 Rd6 26. Rxd6 Qxd6 27. Nbc3 Bb6
28. Qd3 Qc5 29. Nd1 a5 30. c3 Qc6 31. b3 Nxe4 32. Kh2 f5 33. f4 h4 34. gxh4 exf4
35. Nd4 Qd5 36. Qxb5 Bxd4 37. Qxd5 Bxd5 38. cxd4 Bxb3 0-1

[Event "Reykjavik Open 2016"]
[Site "Reykjavik ISL"]
[Date "2016.03.11"]
[Round "5.56"]
[White "Giannatos, Peter"]
[Black "Andersen, Niels Erik"]
[Result "1-0"]
[WhiteElo "2155"]
[BlackElo "1947"]
[WhiteFideId "2041650"]
[BlackFideId "1406507"]
[EventDate "2016.03.08"]

1. d4 d5 2. Bf4 Nf6 3. e3 e6 4. Nf3 c5 5. c3 Nc6 6. Nbd2 Bd6 7. Bg3 O-O 8. Bd3
cxd4 9. exd4 Qc7 10. O-O e5 11. dxe5 Nxe5 12. Nxe5 Bxe5 13. Bxe5 Qxe5 14. Nf3
Qh5 15. Nd4 Qxd1 16. Raxd1 Bg4 17. f3 Bd7 18. Kf2 g6 19. Bc2 a6 20. Bb3 b5 21.
g4 Be6 22. Rfe1 Rfe8 23. Re2 Nd7 24. Rde1 Nc5 25. Re3 Nxb3 26. axb3 Bd7 27.
Rxe8+ Rxe8 28. Rxe8+ Bxe8 29. b4 Bd7 30. Ke3 f6 31. Nb3 h5 32. h3 hxg4 33. hxg4
g5 34. Kd4 Kf7 35. Nc5 Bc8 36. Kxd5 f5 37. gxf5 Kf6 38. Ne4+ 1-0

[Event "Reykjavik Open 2016"]
[Site "Reykjavik ISL"]
[Date "2016.03.11"]
[Round "5.57"]
[White "Bjorgvinsson, Andri Freyr"]
[Black "Kvamme, John A"]
[Result "0-1"]
[WhiteElo "1937"]
[BlackElo "2155"]
[WhiteFideId "2306913"]
[BlackFideId "1500562"]
[EventDate "2016.03.08"]

1. c4 c5 2. g3 g6 3. Bg2 Bg7 4. Nc3 Nc6 5. Nf3 Nf6 6. O-O O-O 7. d4 cxd4 8. Nxd4
Nxd4 9. Qxd4 d6 10. Qd3 Bf5 11. e4 Be6 12. Bd2 Nd7 13. b3 a6 14. Rac1 Qb8 15.
Kh1 b5 16. cxb5 axb5 17. Rc2 Rc8 18. Rfc1 b4 19. Na4 Ne5 20. Qe3 Rxc2 21. Rxc2
Ng4 22. Qe1 Bd4 23. Be3 Bxe3 24. fxe3 Ne5 25. Qc1 Ra7 26. h3 Bd7 27. Bf1 Kg7 28.
a3 Bxa4 29. bxa4 Rxa4 30. axb4 Rxb4 31. Kh2 Rb1 0-1

[Event "Reykjavik Open 2016"]
[Site "Reykjavik ISL"]
[Date "2016.03.11"]
[Round "5.58"]
[White "Fransson, Lennart"]
[Black "Valtysson, Thor"]
[Result "1/2-1/2"]
[WhiteElo "2144"]
[BlackElo "1946"]
[WhiteFideId "1706756"]
[BlackFideId "2301903"]
[EventDate "2016.03.08"]

1. c4 c6 2. g3 d5 3. Bg2 Nf6 4. Nf3 g6 5. O-O Bg7 6. Qc2 O-O 7. d3 Re8 8. Nbd2
e5 9. e4 dxe4 10. dxe4 c5 11. a3 Nc6 12. Rb1 Qe7 13. h3 b6 14. Re1 Bb7 15. Nf1
h6 16. Bd2 Nd4 17. Nxd4 exd4 18. e5 Nh7 19. Bxb7 Qxb7 20. Qe4 Qxe4 21. Rxe4 Rxe5
22. Rxe5 Bxe5 23. Bxh6 Bg7 24. Bf4 Re8 25. Rd1 f5 26. Nh2 Kf7 27. Kf1 Be5 28.
Bc1 Nf6 29. Nf3 Bd6 30. Ne1 Ne4 31. h4 Bc7 32. Nd3 a5 33. Nf4 Nf6 34. a4 Bxf4
35. Bxf4 Re6 36. Re1 Rc6 37. f3 Ne8 38. Kf2 Rc8 39. g4 fxg4 40. fxg4 Rd8 41. Kg3
Rd7 42. h5 gxh5 43. gxh5 Nf6 44. Kh4 d3 45. b3 Rd4 46. Kg5 Ne4+ 47. Kf5 Nf2 48.
Bd2 Rh4 49. Kg5 Rg4+ 50. Kf5 Rh4 51. h6 Rh5+ 52. Kf4 Rxh6 53. Kg3 Rf6 54. Re3
Nh1+ 55. Kg4 Nf2+ 56. Kh4 Re6 57. Rf3+ Rf6 58. Re3 1/2-1/2

[Event "Reykjavik Open 2016"]
[Site "Reykjavik ISL"]
[Date "2016.03.11"]
[Round "5.59"]
[White "Edel, Thomas"]
[Black "Dekker, Derk"]
[Result "1-0"]
[WhiteElo "2127"]
[BlackElo "1861"]
[WhiteFideId "24653233"]
[BlackFideId "1039679"]
[EventDate "2016.03.08"]

1. d4 f5 2. Nf3 Nf6 3. g3 e6 4. Bg2 Be7 5. O-O O-O 6. c4 d6 7. Nc3 Ne4 8. Qc2
Nxc3 9. bxc3 Nc6 10. Rb1 e5 11. d5 Na5 12. c5 e4 13. cxd6 Bxd6 14. Nd4 b6 15. c4
Qe7 16. Bd2 Nb7 17. Nc6 Qe8 18. Bf4 Bd7 19. Bxd6 cxd6 20. f3 exf3 21. Rxf3 Nc5
22. Rbf1 Kh8 23. g4 f4 24. h3 h5 25. gxh5 Qxh5 26. Rxf4 Rxf4 27. Rxf4 Qg5 28. e3
Bxh3 29. Qf2 Qxg2+ 30. Qxg2 Bxg2 31. Kxg2 Kg8 32. Ne7+ 1-0

[Event "Reykjavik Open 2016"]
[Site "Reykjavik ISL"]
[Date "2016.03.11"]
[Round "5.60"]
[White "Eiriksson, Sigurdur"]
[Black "Baldursson, Hrannar"]
[Result "0-1"]
[BlackTitle "AGM"]
[WhiteElo "1933"]
[BlackElo "2124"]
[WhiteFideId "2302314"]
[BlackFideId "2301156"]
[EventDate "2016.03.08"]

1. e4 d6 2. d4 Nf6 3. Nc3 c6 4. Nf3 Qa5 5. Bd3 e5 6. O-O Bg4 7. dxe5 dxe5 8. Bd2
Nbd7 9. Nd5 Qd8 10. Ne3 Bh5 11. Nf5 Bg4 12. Ne3 Bxf3 13. Qxf3 g6 14. Rad1 Be7
15. Bc3 O-O 16. Qg3 Nh5 17. Qf3 Qc7 18. Ng4 b5 19. b3 Rad8 20. Kh1 f6 21. Bd2
Nf4 22. Bxf4 exf4 23. h3 Kg7 24. g3 h5 25. Nh2 fxg3 26. Qxg3 Qxg3 27. fxg3 Nc5
28. Kg2 Rd7 29. Kf2 Rfd8 30. Ke2 Bd6 31. Rg1 Re7 32. Kf3 h4 33. Nf1 hxg3 34.
Nxg3 Bxg3 35. Kxg3 Red7 36. Kg4 Nxe4 37. Kf4 f5 38. Rde1 Rd4 39. Bxe4 Re8 40.
Rxg6+ Kxg6 0-1

[Event "Reykjavik Open 2016"]
[Site "Reykjavik ISL"]
[Date "2016.03.11"]
[Round "5.60"]
[White "Eiriksson, Sigurdur"]
[Black "Baldursson, Hrannar"]
[Result "0-1"]
[BlackTitle "AGM"]
[WhiteElo "1933"]
[BlackElo "2124"]
[WhiteFideId "2302314"]
[BlackFideId "2301156"]
[EventDate "2016.03.08"]

1. d4 Nf6 2. Nf3 e6 3. c4 b6 4. a3 Bb7 5. Nc3 d5 6. cxd5 Nxd5 7. Qc2 Be7 8. e4
Nxc3 9. bxc3 O-O 10. Bd3 c5 11. O-O cxd4 12. cxd4 Nc6 13. Bb2 Rc8 14. Qe2 g6 15.
Rad1 Bf6 16. Bb1 Re8 17. Rfe1 Bg7 18. h4 Qe7 19. Ng5 Red8 20. d5 exd5 21. Bxg7
Kxg7 22. Qb2+ d4 23. Ba2 h6 24. Nxf7 Rf8 25. h5 Rxf7 26. Bxf7 Qxf7 27. hxg6 Kxg6
28. e5 Re8 29. Rd3 Qf5 30. Rg3+ Kh7 31. Qc1 Rxe5 32. Rd1 Rc5 33. Qd2 Rc2 34. Qe1
Qe5 35. Qxe5 Nxe5 36. Rxd4 Rc1+ 37. Kh2 Bc8 38. f3 Rc7 39. Rd8 Ng6 40. Re8 Bd7
41. Re4 Bf5 42. Rd4 Rd7 43. Rc4 Bd3 44. Rc6 Ne5 45. Re6 Nc4 46. Rh3 Bg6 47. g4
Kg7 48. f4 Rd2+ 49. Kg1 Rd4 50. g5 hxg5 51. fxg5 Rg4+ 52. Kf2 Rxg5 53. Re7+ Kf6
54. Rxa7 Rf5+ 55. Ke2 Re5+ 56. Kf2 Bh5 57. Rc3 Re2+ 58. Kg1 Re4 59. Rc7 Be2 60.
Kf2 Ke6 61. Rh3 Kd6 62. Rc8 Bg4 63. Rd3+ Ke7 64. Rc7+ Ke6 65. Rd8 Ke5 66. Re8+
Be6 67. Rc6 Kd5 68. Rc7 Kd6 69. Ra7 Re5 70. Rh8 Ra5 71. Rxa5 Nxa5 72. Ke1 Kc5
73. Kd1 Kb5 74. Kc2 Ka4 75. Rh6 Bb3+ 76. Kc3 b5 77. Rh5 Bc4 78. Kb2 Bf7 79. Rf5
Be6 80. Re5 Nc4+ 0-1

[Event "Reykjavik Open 2016"]
[Site "Reykjavik ISL"]
[Date "2016.03.11"]
[Round "5.61"]
[White "Bruun, Henrik Emil"]
[Black "Heyne, Regina"]
[Result "1-0"]
[WhiteElo "2123"]
[BlackElo "1858"]
[WhiteFideId "1410334"]
[BlackFideId "4613236"]
[EventDate "2016.03.08"]

1. e4 e6 2. d4 d5 3. e5 c5 4. c3 Nc6 5. Nf3 Qa5 6. dxc5 Qxc5 7. Be3 Qa5 8. Be2
Nge7 9. O-O Ng6 10. Qb3 Ncxe5 11. Nxe5 Nxe5 12. f4 Nc6 13. Nd2 Bc5 14. Rf3 Bxe3+
15. Rxe3 Qc5 16. c4 Nd4 17. Qd3 Nc2 18. Nf1 Nxe3 19. Nxe3 dxc4 20. Qe4 Bd7 21.
Bxc4 Bc6 22. Qd3 Rd8 23. Qc3 Qd4 24. Qa3 Qxf4 25. Rf1 Qd6 26. Qxa7 O-O 27. Qa5
Qd2 28. Qb6 Rd4 29. Qb3 Re4 30. Rf3 Rd8 31. Rg3 Rf4 32. h3 Re4 33. Kh2 b5 34.
Bf1 Rb4 35. Qa3 Rxb2 36. Qe7 h6 37. Qf6 g5 38. Qxh6 Be4 39. Ng4 f5 40. Qg6+ Kf8
41. Qf6+ Ke8 42. Qxe6+ Kf8 43. Ne5 Qd5 44. Ng6+ Kg7 45. Qe7+ Kg8 46. Rxg5 Qd6+
47. Ne5+ Kh8 48. Qg7# 1-0

[Event "Reykjavik Open 2016"]
[Site "Reykjavik ISL"]
[Date "2016.03.11"]
[Round "5.63"]
[White "Dietzsch, Herbert"]
[Black "Kakulidis, Ellen"]
[Result "1-0"]
[WhiteElo "2090"]
[BlackElo "1843"]
[WhiteFideId "4608364"]
[BlackFideId "1444972"]
[EventDate "2016.03.08"]

1. e4 e6 2. d4 d5 3. Nc3 Bb4 4. e5 c5 5. Bd2 Nh6 6. a3 Ba5 7. dxc5 d4 8. Nb5
Bxd2+ 9. Qxd2 Nc6 10. Nd6+ Kf8 11. Nf3 f6 12. Nxd4 Nxe5 13. f4 Nef7 14. Nxc8
Qxc8 15. Bc4 e5 16. Ne6+ Kg8 17. fxe5 Nxe5 18. Bb3 Nhf7 19. O-O-O h6 20. Nd8
Qxc5 21. Nxf7 Nxf7 22. Qd7 Qf8 23. Qxb7 Rb8 24. Bxf7+ Qxf7 25. Qxb8+ Kh7 26. Qb3 1-0

[Event "Reykjavik Open 2016"]
[Site "Reykjavik ISL"]
[Date "2016.03.11"]
[Round "5.64"]
[White "Thorhallsson, Gylfi"]
[Black "Viktorsson, Svavar"]
[Result "1-0"]
[WhiteElo "2089"]
[BlackElo "1701"]
[WhiteFideId "2300800"]
[BlackFideId "2304520"]
[EventDate "2016.03.08"]

1. e4 e5 2. Nf3 Nf6 3. Nc3 Nc6 4. Bc4 Bb4 5. O-O d6 6. h3 O-O 7. d3 h6 8. Bd2
Be6 9. Bb3 Ne7 10. Nd5 Bxd5 11. Bxb4 Bxb3 12. axb3 Ng6 13. Bd2 d5 14. Qe2 Re8
15. Rfe1 c6 16. Nh2 Qd7 17. Ra4 a6 18. exd5 Nxd5 19. Qg4 Qxg4 20. hxg4 f6 21.
Nf1 Rad8 22. Ng3 Nc7 23. Rb4 b5 24. Nf5 c5 25. Rbe4 Ne6 26. Ra1 Nd4 27. Nxd4
exd4 28. Rxa6 Rxe4 29. dxe4 d3 30. c3 Rb8 31. f3 c4 32. b4 Ne5 33. Kf2 Kh7 34.
Ke1 Kg6 35. Bf4 Kh7 36. Kd2 Rb7 37. Bxe5 fxe5 38. b3 cxb3 39. Ra3 b2 40. Rb3 Ra7
41. Rxb2 Ra1 42. Kxd3 Rd1+ 43. Kc2 Rg1 44. Kb3 Kg6 45. c4 bxc4+ 46. Kxc4 Kg5 47.
b5 Rc1+ 48. Kd5 Kf4 49. b6 Rd1+ 50. Ke6 1-0

[Event "Reykjavik Open 2016"]
[Site "Reykjavik ISL"]
[Date "2016.03.11"]
[Round "5.65"]
[White "Moller, Agnar T"]
[Black "Lochte, Thomas"]
[Result "1-0"]
[WhiteElo "1882"]
[BlackElo "2067"]
[WhiteFideId "2303469"]
[BlackFideId "4606272"]
[EventDate "2016.03.08"]

1. Nf3 c5 2. c4 Nf6 3. d4 cxd4 4. Nxd4 Nc6 5. Nb3 e6 6. Nc3 d5 7. cxd5 exd5 8.
Be3 Be7 9. g3 O-O 10. Bg2 Be6 11. O-O Rc8 12. a3 b6 13. Nd4 Ne5 14. Nxe6 fxe6
15. Bh3 Rc6 16. Qa4 Qd7 17. Rad1 Nc4 18. Bc1 Kf7 19. e4 d4 20. Rxd4 Qc8 21. Nd5
Ne5 22. Nxe7 Kxe7 23. Rdd1 Qb7 24. Bg2 Rc4 25. Qb5 Rc5 26. Qb4 a5 27. Qd4 Qc7
28. Bf4 Nh5 29. Bxe5 Qxe5 30. Qd7+ Kf6 31. f4 Qxb2 32. e5+ Kg6 33. Qxe6+ Nf6 34.
Be4+ Kh6 35. g4 Qc3 36. g5+ Kh5 37. Bf3+ Kh4 38. exf6 h5 39. gxh6 Qe3+ 1-0

[Event "Reykjavik Open 2016"]
[Site "Reykjavik ISL"]
[Date "2016.03.11"]
[Round "5.66"]
[White "Diaz, Franck"]
[Black "Sigurdarson, Alec Elias"]
[Result "1/2-1/2"]
[WhiteElo "2060"]
[BlackElo "1365"]
[WhiteFideId "639125"]
[BlackFideId "2311003"]
[EventDate "2016.03.08"]

1. e4 c5 2. Nf3 d6 3. d4 cxd4 4. Nxd4 Nf6 5. Nc3 g6 6. Be3 Bg7 7. f3 O-O 8. Qd2
Nc6 9. O-O-O d5 10. exd5 Nxd5 11. Nxc6 bxc6 12. Bd4 e5 13. Bc5 Be6 14. Ne4 Re8
15. h4 h6 16. c4 Nb6 17. Qc2 Qc7 18. g4 Red8 19. Bd3 Rac8 20. b3 Nd5 21. Kb1 Qa5
22. cxd5 cxd5 23. b4 Qa3 24. Qc3 Qxc3 25. Nxc3 e4 26. Nxe4 dxe4 27. Bxe4 a5 28.
a3 Re8 29. Bc2 axb4 30. Bxb4 Rb8 31. Ba4 Rec8 32. Bd7 Bxd7 33. Rxd7 Bc3 34. Rh2
Bxb4 35. axb4 Rxb4+ 36. Rb2 Rxb2+ 37. Kxb2 Re8 38. Kc2 1/2-1/2

[Event "Reykjavik Open 2016"]
[Site "Reykjavik ISL"]
[Date "2016.03.11"]
[Round "5.67"]
[White "Pashkov, Vladimir M."]
[Black "Heimisson, Hilmir Freyr"]
[Result "1-0"]
[WhiteElo "1881"]
[BlackElo "2048"]
[WhiteFideId "24194778"]
[BlackFideId "2309998"]
[EventDate "2016.03.08"]

1. d4 d5 2. Nf3 Nf6 3. e3 g6 4. c4 c6 5. Nc3 Bg7 6. Bd3 O-O 7. O-O a6 8. a4 Bg4
9. h3 Bxf3 10. Qxf3 Re8 11. b4 dxc4 12. Bxc4 Nbd7 13. Rd1 Qc7 14. Bb2 e5 15.
dxe5 Nxe5 16. Qe2 Re7 17. Bb3 Rae8 18. Rac1 Qb8 19. Ba3 b5 20. Qa2 h5 21. Ne2 g5
22. Nd4 g4 23. h4 g3 24. f3 Qa7 25. Nf5 Neg4 26. Nxe7+ Qxe7 27. Bxf7+ Kh8 28.
Re1 Bh6 29. fxg4 Bxe3+ 30. Kf1 Qe5 31. Rxe3 Qxe3 32. Bxe8 Qf4+ 33. Ke1 Nd5 34.
Qe2 Ne3 35. Bxc6 hxg4 36. Rc3 Nc4 37. Rxc4 bxc4 38. Qe8+ Kh7 39. Qe4+ Kh8 1-0

[Event "Reykjavik Open 2016"]
[Site "Reykjavik ISL"]
[Date "2016.03.11"]
[Round "5.68"]
[White "O'Gorman, Alice"]
[Black "Thorsteinsdottir, Gudlaug"]
[Result "0-1"]
[BlackTitle "WFM"]
[WhiteElo "1620"]
[BlackElo "2047"]
[WhiteFideId "2508214"]
[BlackFideId "2300753"]
[EventDate "2016.03.08"]

1. e4 e5 2. d4 exd4 3. Qxd4 Nc6 4. Qe3 g6 5. Nc3 Bg7 6. Bc4 d6 7. Bd2 Nf6 8. f3
O-O 9. O-O-O a6 10. Nh3 Ne5 11. Be2 b5 12. Qf2 Be6 13. Bg5 h6 14. Bh4 Qc8 15.
Nd5 Nxd5 16. exd5 Bxh3 17. gxh3 Qxh3 18. Rhg1 Qf5 19. Rge1 Rab8 20. Bg3 Nc4 21.
c3 Nxb2 22. Kxb2 b4 23. Bd3 bxc3+ 24. Kc1 Qxd5 25. Re2 Qa5 26. Rf1 Qa3+ 27. Kd1
Rb4 28. Re4 Rfb8 29. Qe3 Rb1+ 30. Bxb1 Rxb1+ 31. Ke2 Qb2+ 32. Kd3 Qb5+ 33. Kc2
Rb2+ 34. Kc1 Qxf1+ 35. Qe1 Qd3 0-1

[Event "Reykjavik Open 2016"]
[Site "Reykjavik ISL"]
[Date "2016.03.11"]
[Round "5.69"]
[White "Hjaltalin, Thor"]
[Black "Mages, Steffen"]
[Result "0-1"]
[WhiteElo "1580"]
[BlackElo "2037"]
[WhiteFideId "2310813"]
[BlackFideId "24662208"]
[EventDate "2016.03.08"]

1. d4 d5 2. Nf3 Nf6 3. e3 e6 4. Bd3 Bd6 5. b3 O-O 6. O-O Nbd7 7. Bb2 Ne4 8. Nbd2
f5 9. Ne5 Nxe5 10. dxe5 Bc5 11. a3 a5 12. Nxe4 fxe4 13. Be2 Qe7 14. Qc1 Bd7 15.
Bd4 Rf7 16. c3 Raf8 17. b4 Bxd4 18. exd4 Qh4 19. Qe3 Ra8 20. c4 c6 21. c5 axb4
22. axb4 Rff8 23. Ra3 Rxa3 24. Qxa3 Qf4 25. Qc1 Qxc1 26. Rxc1 Ra8 27. Rb1 Ra2
28. Kf1 Rd2 29. Rd1 Rb2 30. b5 cxb5 31. Ke1 Kf7 32. Rd2 Rb1+ 33. Rd1 Rb4 34. Rd2
Ke7 35. Kd1 Kd8 36. Kc2 Kc7 37. Kc3 Ra4 38. Bd1 Rc4+ 39. Kb2 b4 40. Kb3 b6 41.
cxb6+ Kxb6 42. Be2 Rc1 43. Kxb4 Rh1 44. h3 Rg1 45. g3 Rh1 46. h4 Rh2 47. Kc3
Rxf2 48. Bd1 e3 49. Re2 Ba4 50. Re1 Bxd1 51. Rxd1 Rf3 52. Rb1+ Kc6 53. Ra1 Rxg3
54. Ra6+ Kd7 55. Ra7+ Ke8 56. Ra8+ Kf7 57. Ra7+ Kg6 58. Kd3 Kh5 59. Re7 Rg6 60.
Kxe3 Kxh4 61. Rf7 h5 62. Rf4+ Kg5 63. Kf3 h4 64. Rf8 Kh5 65. Re8 h3 66. Rh8+ Rh6
67. Rg8 h2 68. Kg2 Kg6 69. Kh1 Rh4 70. Re8 Rxd4 71. Rxe6+ Kf5 72. Re7 Rh4 73. e6
Kf6 74. Re8 d4 75. e7 Kf7 0-1

[Event "Reykjavik Open 2016"]
[Site "Reykjavik ISL"]
[Date "2016.03.11"]
[Round "5.70"]
[White "Karlsson, Mikael Johann"]
[Black "Mai, Aron Thor"]
[Result "1-0"]
[WhiteElo "2164"]
[BlackElo "1784"]
[WhiteFideId "2305194"]
[BlackFideId "2313383"]
[EventDate "2016.03.08"]

1. c4 Nf6 2. g3 c5 3. Nc3 e6 4. Nf3 a6 5. Bg2 Qc7 6. O-O d6 7. b3 b6 8. Bb2 Bb7
9. Rc1 Be7 10. d3 O-O 11. e4 Nbd7 12. Qe2 Rfd8 13. d4 cxd4 14. Nxd4 Rac8 15. f4
Qb8 16. f5 e5 17. Nc2 Qa8 18. b4 b5 19. Ne3 bxc4 20. Nxc4 d5 21. Nxd5 Nxd5 22.
exd5 Bxd5 23. a3 Bxg2 24. Qxg2 Qa7+ 25. Qf2 Qb8 26. Qe3 f6 27. Ba1 Nf8 28. Bxe5
fxe5 29. Nxe5 h6 30. Nc6 Rxc6 31. Rxc6 Bf6 32. Qe2 a5 33. b5 Qa7+ 34. Kh1 Qd4
35. b6 Re8 36. Qc4+ Qxc4 37. Rxc4 Rb8 38. Rb1 Nd7 39. b7 Kf7 40. Rc7 Ke8 41. Rd1
Nb6 42. Rd6 Bd8 43. Rxg7 Kf8 44. Rh7 Nc4 45. Rxd8+ 1-0

[Event "Reykjavik Open 2016"]
[Site "Reykjavik ISL"]
[Date "2016.03.11"]
[Round "5.71"]
[White "Cohen, Lawrence S"]
[Black "Viglundsson, Bjorgvin"]
[Result "0-1"]
[WhiteElo "1930"]
[BlackElo "2164"]
[WhiteFideId "2026228"]
[BlackFideId "2300400"]
[EventDate "2016.03.08"]

1. c4 e5 2. g3 g6 3. Bg2 Bg7 4. Nc3 Ne7 5. e3 c5 6. Nge2 Nbc6 7. O-O d6 8. d3
O-O 9. Nd5 Nxd5 10. Bxd5 Bh3 11. Bg2 Qd7 12. Nc3 Be6 13. a3 a6 14. Rb1 Rab8 15.
b4 cxb4 16. axb4 b5 17. cxb5 axb5 18. Nd5 Rfc8 19. Bd2 f5 20. f4 Qf7 21. Qb3 Kh8
22. Rbe1 e4 23. dxe4 fxe4 24. Bxe4 Ne7 25. f5 Bxd5 26. Bxd5 Qxd5 27. Qxd5 Nxd5
28. e4 Bd4+ 29. Kh1 Rc2 30. Rd1 Be3 31. Be1 Nf6 32. Rd3 Ng4 33. f6 Rxh2# 0-1

[Event "Reykjavik Open 2016"]
[Site "Reykjavik ISL"]
[Date "2016.03.11"]
[Round "5.72"]
[White "Kolka, Dawid"]
[Black "Darnell, Anton"]
[Result "0-1"]
[WhiteElo "1891"]
[BlackElo "2110"]
[WhiteFideId "2308010"]
[BlackFideId "1720244"]
[EventDate "2016.03.08"]

1. e4 c5 2. Nf3 e6 3. c3 Nf6 4. e5 Nd5 5. d4 cxd4 6. cxd4 Nc6 7. Nc3 Nxc3 8.
bxc3 d5 9. Bd3 Be7 10. O-O Bd7 11. Re1 Rc8 12. Bd2 Na5 13. Qe2 Nc4 14. Bxc4 Rxc4
15. Rab1 Qc7 16. h3 Ba4 17. Qd3 h6 18. Nh2 Kd7 19. f4 b5 20. f5 b4 21. Rec1 Rc8
22. f6 bxc3 23. fxe7 cxd2 24. Rxc4 dxc4 25. Qxd2 c3 26. Qc1 c2 27. Rb4 Rb8 28.
Rxb8 Qxb8 29. Nf1 Qb1 30. Qa3 c1=Q 31. Qd6+ Kc8 32. Qa6+ Qb7 33. Qxa4 Qxe7 34.
Qa6+ Qb7 35. Qd6 Qcc7 36. Qf8+ Qd8 37. Qxg7 Qxd4+ 38. Kh1 Qf4 39. Qf8+ Kd7 40.
Qd6+ Ke8 41. Qd1 Qxe5 0-1

[Event "Reykjavik Open 2016"]
[Site "Reykjavik ISL"]
[Date "2016.03.11"]
[Round "5.73"]
[White "Hauksson, Hordur Aron"]
[Black "Hardarson, Jon Trausti"]
[Result "0-1"]
[WhiteElo "1873"]
[BlackElo "2058"]
[WhiteFideId "2303680"]
[BlackFideId "2302594"]
[EventDate "2016.03.08"]

1. d4 d5 2. c4 c6 3. Nf3 Nf6 4. Nc3 dxc4 5. a4 Bf5 6. e3 e6 7. Bxc4 Bb4 8. O-O
Nbd7 9. Nh4 O-O 10. Nxf5 exf5 11. Qc2 g6 12. f3 Qe7 13. Bd2 Nb6 14. Ba2 a5 15.
Rfe1 Qd6 16. Rad1 Rfe8 17. e4 fxe4 18. fxe4 Ng4 19. g3 Qxd4+ 20. Be3 Nxe3 21.
Qf2 Qg7 22. Qxe3 Qe5 23. Qf3 Re7 24. Re2 Kg7 25. Kg2 Bxc3 26. bxc3 Nxa4 27. Re3
Nc5 28. Rf1 Rd8 29. Rf2 b5 30. Qg4 Rd3 31. Rf5 Qxc3 32. Rxd3 Nxd3 33. Qg5 f6 0-1

[Event "Reykjavik Open 2016"]
[Site "Reykjavik ISL"]
[Date "2016.03.11"]
[Round "5.74"]
[White "Stray, Gunnar"]
[Black "Acevedo Mendez, Lisseth"]
[Result "1-0"]
[WhiteElo "2050"]
[BlackElo "1886"]
[WhiteFideId "1501631"]
[BlackFideId "6502938"]
[EventDate "2016.03.08"]

1. d4 e6 2. Nf3 f5 3. h3 Nf6 4. g4 d6 5. gxf5 exf5 6. Nc3 Nc6 7. Bg5 Be7 8. e3
Ne4 9. Bf4 Nxc3 10. bxc3 Bf6 11. h4 Ne7 12. Bc4 h6 13. h5 Qd7 14. Qe2 b6 15. a4
Bb7 16. Rg1 Nd5 17. Kd2 Qe7 18. Bg3 a5 19. Ne1 O-O-O 20. Bd3 Qe6 21. Ba6 Rhe8
22. Bxb7+ Kxb7 23. c4 Nb4 24. c3 Na6 25. Qf3+ Qe4 26. Qxe4+ Rxe4 27. Nd3 c5 28.
Rab1 Kc6 29. f3 Re7 30. Bf4 Nb8 31. Rb5 Nd7 32. Nf2 Rde8 33. Kd3 Bg5 34. Bxg5
hxg5 35. e4 Nf6 36. Rgb1 fxe4+ 37. Nxe4 Nd7 38. Rg1 Nf6 39. Rxg5 Nxe4 40. fxe4
Rxe4 41. d5+ Kc7 42. Rxg7+ R4e7 43. Rxe7+ Rxe7 44. Rb1 Rh7 45. Rh1 Kd7 46. Ke4
Ke7 47. Kf5 Kf7 48. h6 1-0